Statistics for Guess the Bollywood Movie... 2!

Click here to take the quiz!

General Stats

  • This quiz has been taken 12 times
  • The average score is 6 of 15

Answer Stats

HintAnswer% Correct
Alien comes to earth, loses his remote, tries religion, learns about humanity.PK
100%
Baby boy is found in a waterfall, years later leaves his adoptive family to discover his parents are king and queen.Baahubali: The Beginning
82%
Former wrestler trains his daughters for the Commonwealth Games.Dangal
82%
Three inseparable childhood friends are just out of college. Nothing comes between them - until they each fall in love, and their wildly different approaches to relationships creates tension.Dil Chahta Hai
55%
A series of mysterious events change the life of a blind pianist, who must now report a crime that he should technically know nothing of.Andhadhun
55%
A pregnant woman heads to Kolkata in search of her missing husband, but everyone she questions denies having ever met him.Kahaani
55%
Three criminal families in Dhanbad across multiple generations have a lot of fights.Gangs of Wasseypur
36%
A middle-aged couple find themselves unexpectedly expecting. The couple start feeling conscious about the pregnancy, as they become a talking point in their social circlesBadhaai Ho
36%
A young girl meets the doppelganger of her deceased boyfriend and now has a chance to find the people who have murdered him.Kaho Naa... Pyaar Hai
27%
Billionaire father banishes his adopted son for marrying a woman against his wishes. Years later, the other son strives to bring the family together.Kabhi Khushi Kabhie Gham
27%
At a prestigious all-male university, three friends seek love outside of the school grounds; at the same time, a newly-hired music teacher seeks to befriend and loosen up the militantly strict headmaster.Mohabbatein
18%
Attempting to become a writer, protagonist is pressured to marry a girl whose mother rejected her mentally ill bridegroom on the day of their wedding. Their blossoming marriage ends in her death in childbirth. He abandons his child, but eventually returns.The World of Apu
0%
The son of a landlord seduces his servant. However, he abandons her after she becomes pregnant.Ankur
0%
Two photographers unwittingly take a picture of a corrupt businessman killing a government official. The two discover the dead body and fight to ensure that it doesn’t end up in the wrong hands.Jaane Bhi Do Yaaro
0%
A Hindu man and a Muslim woman fall in love in a small village and move to the city, where they have two children. However, growing religious tensions and erupting riots threaten to tear the family apart.Bombay
0%

Score Distribution

Percentile by Number Answered

Percent of People with Each Score

Your Score History

You have not taken this quiz